[Event "Massy op"]
[Site "Massy"]
[Date "2010.06.??"]
[Round "?"]
[White "Trkulja, Nicolas"]
[Black "Imbert, Gerard"]
[Result "1/2-1/2"]
[WhiteElo "1725"]
[BlackElo "1694"]
[PlyCount "68"]
[EventDate "2010.06.??"]
[EventType "swiss"]
[EventRounds "7"]
[EventCountry "FRA"]
[SourceTitle "EXT 2011"]
[Source "ChessBase"]
[SourceDate "2010.11.26"]
[SourceVersion "1"]
[SourceVersionDate "2010.11.26"]
[SourceQuality "1"]

1. d4 Nf6 2. c4 e6 3. Nc3 d5 4. Bg5 Be7 5. e3 a6 6. Rc1 dxc4 7. Bxc4 b5 8. Bd3 Bb7 9. Nf3 Nbd7 10. 0-0 Rc8 11. Qe2 c5 12. Rfd1 c4 13. Bb1 Nd5 14. Nxd5 Bxg5 15. Nxg5 Qxg5 16. Nf4 0-0 17. Qh5 Qxh5 18. Nxh5 g6 19. Ng3 Nf6 20. a3 Rfe8 21. f3 Re7 22. Ne2 Nd5 23. Kf2 Rec7 24. Be4 Nf6 25. Bxb7 Rxb7 26. b3 Rbc7 27. b4 Nd5 28. e4 Nb6 29. Nc3 Rd8 30. Rd2 Rcd7 31. Rcd1 e5 32. d5 Rd6 33. h4 h5 34. g3 f6 1/2-1/2